Biblioteca

¿Da pie el Nuevo Testamento para una estructura eclesial diferente? (Registro nro. 69792)

Detalles MARC
000 -LÍDER
Campo fijo de descripción fija 01474nab a2200253 i 4500
001 - NÚMERO DE CONTROL
Campo de control 768714001
003 - IDENTIFICADOR DEL NÚMERO DE CONTROL
Campo de control CO-MdFUSB
005 - FECHA Y HORA DE LA ULTIMA TRANSACCIÓN
control field 20240520113134.0
008 - ELEMENTOS DE LONGITUD FIJA -- INFORMACIÓN GENERAL
Campo fijo de descripción fija -- Información general 240520t1972 sp ||||| |||| 00| 0 spa d
040 ## - FUENTE DE CATALOGACIÓN
Idioma de catalogación spa
Agencia que realiza la transcripción CO-MdFUSB
Agencia que realiza la modificación CO-MdFUSB
041 ## - CÓDIGO DE IDIOMA
Código de idioma para texto/pista de sonido o título separado spa
100 ## - ASIENTO PRINCIPAL--NOMBRE PERSONAL
Nombre personal Kearney, Peter, ‎
Término relacionador autor
245 ## - TÍTULO
Título ¿Da pie el Nuevo Testamento para una estructura eclesial diferente?
Mención de responsabilidad / Peter Kearney ; traducido por Julio Alonso Asenjo
520 ## - NOTA DE RESUMEN, ETC.
Nota de sumario, etc. ¿Da pie el Nuevo Testamento para una estructura eclesial diferente? Basado en la netrior pregunta, se hace un esfuerzo por comprender el significado de esta diversidad en el Nuevo Testamento. Además, el canon del Nuevo Testamento se formó precisamente porque se preveía que no todas las épocas de la Iglesia habían de ser como el período apostólico; por tanto, la imagen dibujada en las estructuras de las iglesias primitivas no puede ser el modelo ideal de nuestro tiempo.Esta variedad exige hoy más atención de nuestra parte.
630 07 - PUNTO DE ACCESO ADICIONAL DE MATERIA - TÍTULO UNIFORME
Título uniforme Biblia.
Parte o sección de la obra Nuevo Testamento
650 #7 - ASIENTO SECUNDARIO DE MATERIA - TERMINO TEMÁTICO
Término temático o nombre geográfico como elemento de entrada Oración
9 (RLIN) 86
650 #7 - ASIENTO SECUNDARIO DE MATERIA - TERMINO TEMÁTICO
Término temático o nombre geográfico como elemento de entrada Hermenéutica bíblica
9 (RLIN) 7333
650 #7 - ASIENTO SECUNDARIO DE MATERIA - TERMINO TEMÁTICO
Término temático o nombre geográfico como elemento de entrada Iglesia
9 (RLIN) 655
653 ## - TÉRMINO DE INDIZACIÓN - NO CONTROLADO
Término no controlado Ministerios en la Iglesia
700 ## - ENTR. SECUNDARIA - Nombre Personal (R)
Nombre de persona Alonso Asenjo, Julio,
Término indicativo de función traductor
773 0# - ASIENTO DE ITEM FUENTE
Biblionumber 49450
Itemnumber 82648
Otro identificador del ítem R2570
Título Revista internacional de teología Concilium
Número de control del registro (CO-MdFUSB)8
Número Internacional Normalizado para Publicaciones Seriadas (ISSN) 0210-1041
Parte(s) relacionada(s) / Volumen., número. (mes año), páginas Número 80, (diciembre, 1972), páginas: 487 - 501
Enumeración y primera página página: 487
942 ## - TIPO DE MATERIAL (KOHA)
Tipo de Item KOHA Artículos de Revista
945 ## - INFORMACIÓN LOCAL DEL REGISTRO
Catalogador Catherine Arias Alvarez - Practicante SENA

No hay ítems disponibles.

Biblioteca FUSBC | Teléfono: (57+4) 349 88 10 Ext. 141| WhatsApp (+57) 3005338115 
E-mail: biblioteca@unisbc.edu.co | Calle 76 87-14 Robledo Palenque, Medellín, Colombia

Con tecnología Koha